[Event "Daventry 4NCL Easter op-B 2nd"]
[Site "Daventry"]
[Date "2022.04.17"]
[Round "4"]
[White "Sunny, Saurav"]
[Black "Fisher, Neal"]
[Result "1-0"]
[WhiteElo "1818"]
[BlackElo "1732"]
[PlyCount "103"]
[EventDate "2022.04.15"]
[EventType "swiss"]
[EventRounds "7"]
[EventCountry "ENG"]
[SourceTitle "CBM 207 Extra"]
[Source "ChessBase"]
[SourceDate "2022.05.31"]
[SourceVersion "1"]
[SourceVersionDate "2022.05.31"]
[SourceQuality "1"]

1. e4 e5 2. Nf3 Nc6 3. d4 exd4 4. Nxd4 Nxd4 5. Qxd4 d6 6. Bf4 Nf6 7. Nc3 c6 8. 0-0-0 Be7 9. Bxd6 Bxd6 10. Qxd6 Qxd6 11. Rxd6 0-0 12. f3 Be6 13. Be2 Rfd8 14. Rhd1 Rxd6 15. Rxd6 Kf8 16. h3 Ke7 17. Rd2 Rd8 18. g4 Rxd2 19. Kxd2 h6 20. f4 Ne8 21. b3 f6 22. Ke3 Kd6 23. Na4 b6 24. Nb2 Nc7 25. a4 c5 26. Bc4 Kc6 27. Bxe6 Nxe6 28. c3 a5 29. Nc4 Nc7 30. h4 Ne8 31. e5 b5 32. axb5+ Kxb5 33. Na3+ Kc6 34. Ke4 fxe5 35. fxe5 g6 36. c4 Nc7 37. h5 gxh5 38. gxh5 Ne6 39. Kf5 Kd7 40. Nb5 Ke7 41. Kg6 Nf4+ 42. Kxh6 Nxh5 43. Kxh5 Ke6 44. Kg6 Kxe5 45. Kf7 Ke4 46. Ke6 Kd3 47. Kd5 Kc2 48. Kxc5 Kxb3 49. Nd4+ Kc3 50. Nc6 a4 51. Nb4 a3 52. Kb5 1-0

[Event "Telford 4NCL Major op 22nd"]
[Site "Telford"]
[Date "2019.07.20"]
[Round "2"]
[White "Sunny, Saurav"]
[Black "Pinch, David"]
[Result "1-0"]
[WhiteElo "1296"]
[BlackElo "1703"]
[PlyCount "131"]
[EventDate "2019.07.19"]
[EventType "swiss"]
[EventRounds "5"]
[EventCountry "ENG"]
[SourceTitle "EXT 2025"]
[Source "ChessBase"]
[SourceDate "2024.10.14"]
[SourceVersion "1"]
[SourceVersionDate "2024.10.14"]
[SourceQuality "1"]

1. Nf3 Nf6 2. g3 d5 3. Bg2 Bg4 4. Ne5 Bf5 5. d3 Nbd7 6. Nf3 e6 7. Nh4 Bg6 8. Nxg6 hxg6 9. Bg5 Be7 10. e4 dxe4 11. dxe4 c6 12. Nd2 Qa5 13. h4 Rd8 14. Qe2 Qb4 15. 0-0-0 Nb6 16. a3 Qa4 17. Nb1 Nfd7 18. Bxe7 Kxe7 19. f4 Qc4 20. Nc3 Qxe2 21. Nxe2 Nc4 22. Rd3 Nf6 23. Bf3 e5 24. Rhd1 exf4 25. Nxf4 Rxd3 26. cxd3 Ne5 27. Be2 c5 28. d4 cxd4 29. Rxd4 Nc6 30. Nd5+ Nxd5 31. Rxd5 a6 32. Kc2 Rd8 33. Kc3 Rd6 34. a4 Re6 35. Bd3 Rf6 36. Be2 Re6 37. Bd3 Rf6 38. Be2 Rf2 39. Bg4 Rg2 40. Rd7+ Kf6 41. Bd1 Rxg3+ 42. Kd2 Na5 43. Kc2 Rh3 44. e5+ Kxe5 45. Rxf7 Rxh4 46. b3 Rf4 47. Rxg7 Kf6 48. Rd7 Rb4 49. Kc3 Nc6 50. Bf3 Rf4 51. Bxc6 bxc6 52. Rd6+ Kg5 53. Rxc6 a5 54. Rc5+ Rf5 55. b4 axb4+ 56. Kxb4 Kh4 57. a5 Rf1 58. a6 Rb1+ 59. Ka5 Ra1+ 60. Kb6 g5 61. a7 g4 62. Ra5 Rxa5 63. Kxa5 g3 64. a8Q Kh3 65. Qh1+ Kg4 66. Qg2 1-0